000 00607nam a2200217Ii 4500
003 JO-AjNU
008 230606s9999||||xx |||||||||||||| ||und||
020 _a978-007-108609-7
040 _aJO-AjNU
_beng
_erda
_cJO-AjNU
041 _aeng
050 1 4 _aTA177.4.B58.2012
100 3 _aBlank, Leland/anthony, Tarquin,
_eauthor
_95054
245 0 0 _aEngineering Economy
250 _a7 ed
264 3 1 _aNew York :Mcgraw hill ,2012
300 _a620p
336 _atext
_btxt
_2rdacontent
337 _aunmediated
_bn
_2rdamedia
338 _avolume
_bnc
_2rdacarrier
650 4 _aEngineering Economy
_95055
999 _aE2614
_c2612
_d2612